[Event "Stay Safe Play From Home 356"]
[Site "Emanuel Lasker Arena"]
[Date "2020.08.04"]
[Round "3"]
[White "TheCHESSHOUSE"]
[Black "Lazieri3"]
[Result "0-1"]
[WhiteElo "2109"]
[BlackElo "2074"]
[Annotator "NA RC"]
[PlyCount "90"]
[EventDate "2020.08.04"]
[EventType "swiss (blitz)"]

1. d4 {[%emt 0:00:01]} c6 {[%emt 0:00:00]} 2. c4 {[%emt 0:00:01]} d5 {[%emt 0:00:00]} 3. cxd5 {[%emt 0:00:01]} cxd5 {[%emt 0:00:01]} 4. Nc3 {[%emt 0:00:01]} Nc6 {[%emt 0:00:00]} 5. Nf3 {[%emt 0:00:01]} Nf6 {[%emt 0:00:00]} 6. Bf4 {[%emt 0:00:00]} Bf5 {[%emt 0:00:00]} 7. Rc1 {[%emt 0:00:00]} e6 {[%emt 0:00:01]} 8. e3 {[%emt 0:00:01]} Bd6 {[%emt 0:00:00]} 9. Bxd6 {[%emt 0:00:00]} Qxd6 {[%emt 0:00:00]} 10. Be2 {[%emt 0:00:00]} O-O {[%emt 0:00:01]} 11. O-O {[%emt 0:00:00]} a6 {[%emt 0:00:01]} 12. h3 {[%emt 0:00:00]} h6 {[%emt 0:00:00]} 13. Na4 {[%emt 0:00:01]} Ne4 {[%emt 0:00:01]} 14. a3 {[%emt 0:00:02]} b5 {[%emt 0:00:01]} 15. Nc5 {[%emt 0:00:01]} Rfc8 {[%emt 0:00:03]} 16. b4 {[%emt 0:00:01]} e5 {[%emt 0:00:03]} 17. dxe5 {[%emt 0:00:01]} Nxe5 {[%emt 0:00:00]} 18. Nd4 {[%emt 0:00:01]} Bg6 {[%emt 0:00:01]} 19. Bf3 {[%emt 0:00:06]} Nxf3+ {[%emt 0:00:01]} 20. Nxf3 {[%emt 0:00:02]} Nxc5 {[%emt 0:00:02]} 21. bxc5 {[%emt 0:00:01]} Rxc5 {[%emt 0:00:00]} 22. Rb1 {[%emt 0:00:01]} Rac8 {[%emt 0:00:01]} 23. Rb2 {[%emt 0:00:01]} Rc2 {[%emt 0:00:02]} 24. Rxc2 {[%emt 0:00:01]} Rxc2 {[%emt 0:00:00]} 25. Qd4 {[%emt 0:00:02]} Qxa3 {[%emt 0:00:01]} 26. Qxd5 {[%emt 0:00:01]} b4 {[%emt 0:00:01]} 27. Nd4 {[%emt 0:00:01]} Rd2 {[%emt 0:00:02]} 28. Qd8+ {[%emt 0:00:02]} Kh7 {[%emt 0:00:01]} 29. Qb6 {[%emt 0:00:01]} a5 {[%emt 0:00:03]} 30. h4 {[%emt 0:00:02]} a4 {[%emt 0:00:01]} 31. Qb5 {[%emt 0:00:01]} b3 {[%emt 0:00:02]} 32. Qa5 {[%emt 0:00:03]} b2 {[%emt 0:00:02]} 33. Qxd2 {[%emt 0:00:02]} Qa1 {[%emt 0:00:02]} 34. Rxa1 {[%emt 0:00:10]} bxa1=Q+ {[%emt 0:00:00]} 35. Kh2 {[%emt 0:00:00]} a3 {[%emt 0:00:01]} 36. Nb5 {[%emt 0:00:02]} Qb2 {[%emt 0:00:02]} 37. Qxb2 {[%emt 0:00:02]} axb2 {[%emt 0:00:01]} 38. Na3 {[%emt 0:00:00]} b1=Q {[%emt 0:00:01]} 39. Nxb1 {[%emt 0:00:01]} Bxb1 {[%emt 0:00:00]} 40. f3 {[%emt 0:00:01]} Kg6 {[%emt 0:00:01]} 41. e4 {[%emt 0:00:00]} h5 {[%emt 0:00:01]} 42. Kg3 {[%emt 0:00:00]} f5 {[%emt 0:00:01]} 43. Kf2 {[%emt 0:00:00]} fxe4 {[%emt 0:00:01]} 44. fxe4 {[%emt 0:00:00]} Bxe4 {[%emt 0:00:00]} 45. Ke3 {[%emt 0:00:00]} Bxg2 {[%emt 0:00:01] TheCHESSHOUSE resigns TheCHESSHOUSE resigns TheCHESSHOUSE resigns TheCHESSHOUSE resigns TheCHESSHOUSE resigns (Lag: Av=0.75s, max=1.4s) (Lag: Av=0.75s, max=1.4s) (Lag: Av=0.75s, max=1.4s) (Lag: Av=0.75s, max=1.4s) (Lag: Av=0.75s, max=1.4s)} 0-1

[Event "Stay Safe Play From Home 356"]
[Site "Emanuel Lasker Arena"]
[Date "2020.08.04"]
[Round "4"]
[White "NTBT_DHS"]
[Black "Fischer_11"]
[Result "1-0"]
[WhiteElo "2569"]
[BlackElo "2116"]
[Annotator "NA RC"]
[PlyCount "85"]
[EventDate "2020.08.04"]
[EventType "swiss (blitz)"]

1. d4 {[%emt 0:00:01]} e5 {[%emt 0:00:02]} 2. Nc3 {[%emt 0:00:00]} exd4 {[%emt 0:00:01]} 3. Qxd4 {[%emt 0:00:00]} Nc6 {[%emt 0:00:01]} 4. Qe4+ {[%emt 0:00:00]} Qe7 {[%emt 0:00:02]} 5. Bg5 {[%emt 0:00:00]} Qxe4 {[%emt 0:00:01]} 6. Nxe4 {[%emt 0:00:00]} Be7 {[%emt 0:00:01]} 7. Nf3 {[%emt 0:00:01]} Bxg5 {[%emt 0:00:01]} 8. Nexg5 {[%emt 0:00:00]} Nf6 {[%emt 0:00:01]} 9. O-O-O {[%emt 0:00:01]} O-O {[%emt 0:00:00]} 10. e3 {[%emt 0:00:03]} d5 {[%emt 0:00:01]} 11. Bd3 {[%emt 0:00:02]} h6 {[%emt 0:00:01]} 12. Nh3 {[%emt 0:00:00]} Bg4 {[%emt 0:00:02]} 13. Nf4 {[%emt 0:00:01]} Nb4 {[%emt 0:00:04]} 14. a3 {[%emt 0:00:01]} Nxd3+ {[%emt 0:00:01]} 15. Rxd3 {[%emt 0:00:00]} c6 {[%emt 0:00:01]} 16. Ne5 {[%emt 0:00:01]} Be6 {[%emt 0:00:04]} 17. Nxe6 {[%emt 0:00:02]} fxe6 {[%emt 0:00:00]} 18. f3 {[%emt 0:00:00]} Rad8 {[%emt 0:00:05]} 19. g4 {[%emt 0:00:01]} Nd7 {[%emt 0:00:01]} 20. Nxd7 {[%emt 0:00:03]} Rxd7 {[%emt 0:00:00]} 21. f4 {[%emt 0:00:00]} Re7 {[%emt 0:00:03]} 22. h4 {[%emt 0:00:01]} e5 {[%emt 0:00:01]} 23. f5 {[%emt 0:00:00]} e4 {[%emt 0:00:02]} 24. Rd4 {[%emt 0:00:00]} g6 {[%emt 0:00:03]} 25. fxg6 {[%emt 0:00:01]} Rf3 {[%emt 0:00:01]} 26. g5 {[%emt 0:00:10]} h5 {[%emt 0:00:02]} 27. c3 {[%emt 0:00:01]} Rxe3 {[%emt 0:00:01]} 28. c4 {[%emt 0:00:00]} Rd7 {[%emt 0:00:03]} 29. Rhd1 {[%emt 0:00:05]} Rh3 {[%emt 0:00:03]} 30. cxd5 {[%emt 0:00:01]} cxd5 {[%emt 0:00:01]} 31. Rxd5 {[%emt 0:00:02]} Rxd5 {[%emt 0:00:00]} 32. Rxd5 {[%emt 0:00:01]} Rxh4 {[%emt 0:00:00]} 33. Rd7 {[%emt 0:00:01]} Rg4 {[%emt 0:00:02]} 34. Rxb7 {[%emt 0:00:01]} Rxg5 {[%emt 0:00:00]} 35. Re7 {[%emt 0:00:01]} Rxg6 {[%emt 0:00:03]} 36. Rxe4 {[%emt 0:00:01]} Kg7 {[%emt 0:00:01]} 37. Re7+ {[%emt 0:00:02]} Kf6 {[%emt 0:00:02]} 38. Rxa7 {[%emt 0:00:00]} Rh6 {[%emt 0:00:01]} 39. Ra6+ {[%emt 0:00:02]} Kg5 {[%emt 0:00:01]} 40. Rxh6 {[%emt 0:00:01]} h4 {[%emt 0:00:00]} 41. Kd2 {[%emt 0:00:00]} h3 {[%emt 0:00:00]} 42. Rxh3 {[%emt 0:00:01]} Kg4 {[%emt 0:00:01]} 43. Rc3 {[%emt 0:00:00] Zeit Zeit Zeit Zeit Zeit} 1-0

[Event "Stay Safe Play From Home 356"]
[Site "Emanuel Lasker Arena"]
[Date "2020.08.04"]
[Round "4"]
[White "Lamborghini"]
[Black "AChessPlayer"]
[Result "0-1"]
[WhiteElo "2267"]
[BlackElo "2395"]
[Annotator "TA"]
[PlyCount "100"]
[EventDate "2020.08.04"]
[EventType "swiss (blitz)"]

{[%evp 16,100,12,2,27,6,10,12,31,10,27,0,0,0,13,16,18,18,28,11,22,18,262,278,424,185,179,173,182,177,180,171,354,163,180,189,187,182,182,181,184,180,293,293,293,293,301,317,318,314,357,126,364,260,891,860,659,462,1025,1016,1835,634,913,718,1416,1333,1302,1141,963,526,402,162,162,-8,1615,-194,-10,-29971,-29973,-29973,-29974,-29974,-29975,-29984,-29984,-29983,312]} 1. e4 c6 2. d4 d5 3. Nc3 dxe4 4. Nxe4 Nf6 5. Nxf6+ exf6 6. Bc4 Bd6 7. Qe2+ Qe7 8. Qxe7+ Kxe7 9. Ne2 Re8 {B15: Caro-Kann: 3 Nc3: 3...g6 and 3...dxe4 4 Nxe4 Nf6 5 Nxf6+ exf6.} 10. O-O {was the old line (10.Bf4).} Kf8 {[#]} 11. Bd3 $146 ({Predecessor:} 11. Bf4 Bxf4 12. Nxf4 Re4 13. Ne2 Re7 14. Rfe1 Be6 15. Bd3 Nd7 16. Nf4 g6 17. f3 {½-½ (47) Zupe,M (2330)-Eiber,M Nuremberg 1990}) 11... g6 {The position is equal.} 12. h3 Kg7 13. c4 Nd7 14. Rd1 Nf8 15. Be3 $36 {[%mdl 2048] White fights for an advantage.} Ne6 16. Nc3 Nf4 17. Bf1 Bd7 18. d5 cxd5 $2 (18... Be5 $11 {and Black stays safe.}) 19. Nxd5 $18 Ne6 (19... Ba4 {was worth a try.}) 20. Nxf6 (20. Nc3 $142) 20... Kxf6 21. Rxd6 Bc6 22. Rad1 Ke7 23. b4 {And now b5 would win.} a6 $2 (23... Ba4) 24. f4 (24. b5 $142) 24... Red8 25. Rxd8 Rxd8 26. Rxd8 Kxd8 {[%mdl 4096] Endgame KBB-KBN} 27. Kf2 b5 28. g4 f5 (28... Kd7 $142 29. Bd3 Nc7) 29. Bd3 fxg4 30. hxg4 Ke7 31. f5 gxf5 32. gxf5 Nc7 {and the idea ...bxc4 leaves Black hopeful.} 33. Kg3 $2 (33. Bg5+ $18 Kf7 34. c5) 33... Kf6 $2 (33... bxc4 $16 {was necessary.} 34. Bxc4 Kf6) 34. Kf4 Kf7 $2 (34... bxc4 35. Bd4+ (35. Bxc4 Nd5+ 36. Bxd5 Bxd5 $16) 35... Kf7) 35. Ke5 Ne8 36. cxb5 axb5 (36... Bxb5 $142 37. Bc2 Bc4) 37. Bg5 Ng7 {[#]} 38. Kd6 (38. a4 $142 $1 {[%mdl 512]} Nxf5 (38... bxa4 39. Bc4+) 39. axb5 Bxb5 40. Bxb5) 38... Be8 39. Kc5 Nh5 40. Bxb5 Ng3 41. Bc4+ Kf8 42. f6 {[%cal Rg5h6]} Ne4+ 43. Kb6 (43. Kd4 $142 {[%cal Rg5h6]} Nxg5 44. b5) 43... Nxg5 44. a4 $2 (44. b5 $18) 44... h5 $2 {[%mdl 8192]} (44... Bxa4 $11 45. b5 Ne4) 45. f7 $4 {[%mdl 8192]} (45. a5 $18 {is the narrow road to win.} Ne4 46. a6) 45... Bxf7 $2 ({Better is} 45... Bxa4 $19 {Threatens to win with ...h4.} 46. b5 Nxf7) 46. Bxf7 $2 {[%mdl 8192]} (46. Bf1 $11) 46... Nxf7 {Black mates.} 47. a5 Nd6 48. a6 {[#]} h4 $1 49. Kc7 Nb5+ 50. Kb6 Na7 $4 {[%mdl 40960] Black used his chance. Accuracy: White = 46%, Black = 42%. . Loss on time!?} (50... h3 {mates} 51. Kxb5 h2 52. Kc5 h1=Q 53. b5 Qg1+ 54. Kc6 Qa7 55. Kd5 Qb6 56. Kc4 Ke7 57. Kb4 Kd6 58. Kc3 Qxb5 59. a7 Qc5+ 60. Kd3 Qxa7 61. Ke2 Qg1 62. Kd2 Kd5 63. Kc3 Qd4+ 64. Kc2 Kc4 65. Kb1 Kc3 66. Ka2 Qf2+ 67. Kb1 Qb2#) 0-1

[Event "Stay Safe Play From Home 356"]
[Site "Emanuel Lasker Arena"]
[Date "2020.08.04"]
[Round "4"]
[White "Little champs"]
[Black "Lazieri3"]
[Result "1-0"]
[WhiteElo "2188"]
[BlackElo "2092"]
[Annotator "TA"]
[PlyCount "49"]
[EventDate "2020.08.04"]
[EventType "swiss (blitz)"]

{[%evp 9,49,10,12,10,26,0,45,47,42,44,71,65,70,67,68,54,48,53,90,96,85,75,70,70,158,145,493,470,645,656,640,640,602,348,355,322,1030,1028,990,986,941,189]} 1. d4 c6 2. e3 d5 3. Nf3 Nf6 4. Be2 Bf5 5. O-O e6 6. c4 {D04: Colle System.} Ne4 7. Nc3 {[#]} Nxc3 $146 ({Predecessor:} 7... c5 8. cxd5 Nxc3 9. bxc3 Qxd5 10. Bb5+ Nc6 11. c4 Qe4 12. d5 a6 13. dxc6 bxc6 14. Nd2 {1-0 (38) Lynch,J (1849)-Janse Van Vuren,A (1084) Boksburg 2018}) 8. bxc3 {White is slightly better.} Bd6 9. Qb3 Qb6 10. c5 Qxb3 11. axb3 Bc7 12. b4 $36 {[%mdl 2048] White fights for an advantage.} Nd7 13. b5 cxb5 14. Bxb5 a6 15. c6 bxc6 16. Bxc6 Ra7 ({Black should play} 16... Rb8 $14) 17. Ba3 $16 {[#] Hoping for Bc5.} f6 $2 {[%mdl 8192]} (17... a5 $16 {is a better chance.} 18. c4 Bd3) 18. Bc5 $18 Bb8 {intending ...Rc7.} 19. Bxa7 Bxa7 20. Rxa6 Bb8 21. Ra8 {[#] Rxb8+ is the strong threat.} Ke7 22. Nh4 Bxh2+ $2 (22... Bd3 23. Rd1 Nb6 24. Rxd3 (24. Rxb8 Rxb8 25. Rxd3 Kd6 $16) 24... Nxa8 25. Bxa8 Bxh2+ 26. Kxh2 Rxa8) 23. Kxh2 {White is clearly winning.} Rxa8 24. Nxf5+ exf5 25. Bxd5 $2 {Black got outplayed after the opening. Accuracy: White = 69%, Black = 36%.} (25. Bxa8 Nb6 26. Ra1) 1-0

[Event "Stay Safe Play From Home 356"]
[Site "Emanuel Lasker Arena"]
[Date "2020.08.04"]
[Round "4"]
[White "UdayChandra"]
[Black "Padmaesh M K"]
[Result "0-1"]
[WhiteElo "1768"]
[BlackElo "1801"]
[Annotator "NA RC"]
[PlyCount "76"]
[EventDate "2020.08.04"]
[EventType "swiss (blitz)"]

1. Nf3 {[%emt 0:00:02]} d5 {[%emt 0:00:01]} 2. g3 {[%emt 0:00:00]} Nf6 {[%emt 0:00:00]} 3. Bg2 {[%emt 0:00:00]} c5 {[%emt 0:00:00]} 4. O-O {[%emt 0:00:00]} Nc6 {[%emt 0:00:00]} 5. d3 {[%emt 0:00:01]} e6 {[%emt 0:00:00]} 6. Nbd2 {[%emt 0:00:01]} Bd6 {[%emt 0:00:00]} 7. e4 {[%emt 0:00:00]} h5 {[%emt 0:00:00]} 8. e5 {[%emt 0:00:01]} Nxe5 {[%emt 0:00:02]} 9. Nxe5 {[%emt 0:00:00]} Bxe5 {[%emt 0:00:00]} 10. h4 {[%emt 0:00:00]} Qc7 {[%emt 0:00:01]} 11. Nf3 {[%emt 0:00:00]} Bd6 {[%emt 0:00:01]} 12. d4 {[%emt 0:00:02]} cxd4 {[%emt 0:00:01]} 13. Qxd4 {[%emt 0:00:02]} Bd7 {[%emt 0:00:01]} 14. Bg5 {[%emt 0:00:02]} Ne4 {[%emt 0:00:02]} 15. Rae1 {[%emt 0:00:04]} f6 {[%emt 0:00:08]} 16. Be3 {[%emt 0:00:02]} b6 {[%emt 0:00:03]} 17. Nd2 {[%emt 0:00:02]} Nxd2 {[%emt 0:00:04]} 18. Bxd2 {[%emt 0:00:00]} Bc5 {[%emt 0:00:01]} 19. Qxd5 {[%emt 0:00:02]} Rd8 {[%emt 0:00:07]} 20. Qb3 {[%emt 0:00:03]} Kf7 {[%emt 0:00:02]} 21. Bc3 {[%emt 0:00:01]} Rhe8 {[%emt 0:00:02]} 22. Re2 {[%emt 0:00:02]} Bc6 {[%emt 0:00:01]} 23. Rfe1 {[%emt 0:00:01]} Qxg3 {[%emt 0:00:02]} 24. Re4 {[%emt 0:00:07]} Bxe4 {[%emt 0:00:02]} 25. Rxe4 {[%emt 0:00:00]} Rd1+ {[%emt 0:00:02]} 26. Be1 {[%emt 0:00:03]} Qxf2+ {[%emt 0:00:02]} 27. Kh2 {[%emt 0:00:03]} Qxh4+ {[%emt 0:00:01]} 28. Rxh4 {[%emt 0:00:03]} Rxe1 {[%emt 0:00:01]} 29. Rxh5 {[%emt 0:00:01]} Bd6+ {[%emt 0:00:01]} 30. Kh3 {[%emt 0:00:02]} Re3+ {[%emt 0:00:01]} 31. Kg4 {[%emt 0:00:02]} f5+ {[%emt 0:00:01]} 32. Kg5 {[%emt 0:00:03]} Be7+ {[%emt 0:00:01]} 33. Kf4 {[%emt 0:00:01]} Bc5 {[%emt 0:00:03]} 34. Rxf5+ {[%emt 0:00:00]} Kg8 {[%emt 0:00:02]} 35. Kg5 {[%emt 0:00:01]} Re4 {[%emt 0:00:00]} 36. Rf8+ {[%emt 0:00:01]} Rxf8 {[%emt 0:00:01] ' ' ' ' '} 37. Qxe6+ {[%emt 0:00:01]} Kh8 {[%emt 0:00:00]} 38. Bxe4 {[%emt 0:00:01]} Be7+ {[%emt 0:00:00] TimeW TimeW TimeW TimeW TimeW} 0-1

[Event "Stay Safe Play From Home 356"]
[Site "Emanuel Lasker Arena"]
[Date "2020.08.04"]
[Round "4"]
[White "Ao017545"]
[Black "TheCHESSHOUSE"]
[Result "0-1"]
[WhiteElo "1670"]
[BlackElo "2091"]
[Annotator "NA RC"]
[PlyCount "48"]
[EventDate "2020.08.04"]
[EventType "swiss (blitz)"]

1. e4 {[%emt 0:00:01]} c5 {[%emt 0:00:02]} 2. Nf3 {[%emt 0:00:01]} d6 {[%emt 0:00:00]} 3. Bc4 {[%emt 0:00:01]} e6 {[%emt 0:00:01]} 4. d4 {[%emt 0:00:01]} cxd4 {[%emt 0:00:02]} 5. Qxd4 {[%emt 0:00:00]} Nc6 {[%emt 0:00:02]} 6. Bb5 {[%emt 0:00:00]} Bd7 {[%emt 0:00:01]} 7. e5 {[%emt 0:00:00]} Nxd4 {[%emt 0:00:02]} 8. Bxd7+ {[%emt 0:00:01]} Qxd7 {[%emt 0:00:00]} 9. Nxd4 {[%emt 0:00:03]} dxe5 {[%emt 0:00:01]} 10. Nb3 {[%emt 0:00:04]} Nf6 {[%emt 0:00:02]} 11. Nc3 {[%emt 0:00:00]} Bb4 {[%emt 0:00:01]} 12. O-O {[%emt 0:00:01]} O-O {[%emt 0:00:01]} 13. Rd1 {[%emt 0:00:01]} Qc6 {[%emt 0:00:02]} 14. Bg5 {[%emt 0:00:02]} Bxc3 {[%emt 0:00:02]} 15. bxc3 {[%emt 0:00:02]} Ne4 {[%emt 0:00:01]} 16. Be3 {[%emt 0:00:04]} Nxc3 {[%emt 0:00:01]} 17. Rd3 {[%emt 0:00:01]} Rad8 {[%emt 0:00:01]} 18. Na5 {[%emt 0:00:06]} Qa4 {[%emt 0:00:05]} 19. Rxc3 {[%emt 0:00:02]} Qxa5 {[%emt 0:00:01]} 20. Rc5 {[%emt 0:00:02]} Qa3 {[%emt 0:00:02]} 21. Rxe5 {[%emt 0:00:02]} Qb2 {[%emt 0:00:01]} 22. Re1 {[%emt 0:00:07]} Qxe5 {[%emt 0:00:02]} 23. f4 {[%emt 0:00:02]} Qc3 {[%emt 0:00:02]} 24. Bf2 {[%emt 0:00:00]} Rd2 {[%emt 0:00:02] Ao017545 terk eder Ao017545 terk eder Ao017545 terk eder Ao017545 terk eder Ao017545 terk eder (Lag: Av=0.78s, max=1.2s) (Lag: Av=0.78s, max=1.2s) (Lag: Av=0.78s, max=1.2s) (Lag: Av=0.78s, max=1.2s) (Lag: Av=0.78s, max=1.2s)} 0-1

[Event "Stay Safe Play From Home 356"]
[Site "Emanuel Lasker Arena"]
[Date "2020.08.04"]
[Round "5"]
[White "Broken sword"]
[Black "AChessPlayer"]
[Result "1-0"]
[WhiteElo "2412"]
[BlackElo "2406"]
[Annotator "TA"]
[PlyCount "145"]
[EventDate "2020.08.04"]
[EventType "swiss (blitz)"]

{[%evp 10,145,18,17,22,7,8,-5,0,-6,0,-7,-9,-17,-17,-10,31,-13,0,0,0,0,0,0,0,-4,0,0,60,-3,-10,-13,-8,-5,0,-24,-11,-24,-27,-24,0,-428,-20,-34,-16,-35,-30,-72,-23,-31,0,0,18,17,24,0,0,0,0,0,0,-16,116,88,108,95,174,168,328,264,342,249,241,219,279,253,298,135,137,0,0,0,0,0,16,16,16,23,6415,6399,12837,12837,12837,12838,12841,12839,12839,12839,12840,12840,12841,12840,12841,12840,12843,12841,12844,12844,12845,12845,12845,12846,12846,0,0,0,0,0,0,0,0,0,0,0,0,0,0,0,0,0,0,-12850,0,0,0,-12850,-12847,-27999]} 1. e4 c6 2. d4 d5 3. Nc3 dxe4 4. Nxe4 Nf6 5. Ng3 e6 6. Nf3 Be7 {B15: Caro-Kann: 3 Nc3: 3...g6 and 3...dxe4 4 Nxe4 Nf6 5 Nxf6+ exf6.} 7. c3 Nbd7 8. Be2 {[#]} b6 $146 {The position is equal.} ({Predecessor:} 8... O-O 9. O-O Qc7 10. Qc2 c5 11. Bd3 c4 12. Be2 b6 13. Nd2 b5 14. a4 Ba6 15. axb5 Bxb5 {0-1 (54) Sousa,J-Vaquero,J UECC corr 1999}) 9. O-O Bb7 10. Re1 O-O 11. Bc4 c5 12. Qe2 Re8 13. Ba6 (13. Ne5 $5 {[%cal Re5f7]} Qc8 14. Bb5 $11) 13... Qc8 14. Bxb7 Qxb7 15. Be3 Rad8 16. Rad1 Bf8 17. h3 Nd5 18. Bg5 N7f6 (18... f6 $11 19. Bd2 cxd4) 19. Bxf6 (19. dxc5 $14 bxc5 20. Ne4) 19... Nxf6 $11 20. dxc5 Bxc5 21. Ne5 Qc7 22. Nd3 Be7 23. Ne4 Nd5 24. Nd2 h6 25. Nc4 $2 {[%mdl 8192]} (25. Nf3 $11) 25... b5 $2 (25... Qxc4 $19 26. a3 Nf6) 26. Ne3 Nb6 27. Qf3 a5 28. a3 Bf6 29. Qe2 a4 30. Nb4 Nc4 31. Nxc4 bxc4 32. Rxd8 (32. Qf3 {feels hotter.} Rc8 33. g3 Re7 34. Re2 Qb6 35. Red2) 32... Rxd8 33. Rd1 Qc5 34. Rxd8+ Bxd8 35. Qd1 Bf6 (35... Bb6 $11 36. Qe2 Qb5) 36. Qxa4 $16 Qf5 {Threatening ...Qb1+.} 37. Qd1 g5 (37... Be7 $16) 38. Nc2 $18 Kg7 $2 (38... Qb5) 39. Ne3 Qe4 40. Qe2 Qb1+ 41. Kh2 Be5+ 42. g3 Qe4 43. Qxc4 (43. a4 $18) 43... Qf3 $16 {[#]} 44. Qf1 (44. Ng4 $1 $16) 44... Bxg3+ $1 $11 45. fxg3 Qxe3 {[%mdl 4096] Endgame KQ-KQ} 46. Kg2 Qd2+ 47. Qf2 Qd5+ 48. Kh2 h5 $2 {[%mdl 8192] [#]} (48... Qb3 $11) 49. Qd4+ $1 $18 Qxd4 50. cxd4 {KP-KP} Kf6 51. g4 Ke7 52. Kg2 h4 53. Kf3 Kd6 54. Ke4 f6 55. a4 Kc6 56. b3 {[%cal Bb2b3,Bb3b4][%mdl 32]} Kb6 57. b4 Ka6 58. d5 exd5+ 59. Kxd5 {Intending b5+ and mate.} f5 60. gxf5 {Threatening mate with f6.} g4 61. f6 $2 (61. Ke4 $18 Kb6 62. f6) 61... gxh3 $11 {White must now prevent ...h2. K3P-KPP} 62. f7 h2 63. f8=Q {White wants to mate with Qa8+.} h1=Q+ {KQ-KQ} 64. Kd4 Qd1+ 65. Ke3 Qe1+ 66. Kd3 Qd1+ 67. Kc4 {And now Qa8+ would win.} Qc1+ 68. Kd5 Qd1+ 69. Kc6 {[%cal Rf8a8]} Qc2+ 70. Qc5 $2 {[%mdl 8192]} (70. Kd7 $11) 70... Qg6+ $2 ({Better is} 70... Qxc5+ $19 71. Kxc5 h3) 71. Kd7 Qf7+ 72. Qe7 $2 {[%mdl 8192]} (72. Kd8 $11) 72... Qd5+ 73. Qd6+ {[%mdl 32768] Both players deserved the win here. Accuracy: White = 79%, Black = 65%. . Loss on time!?} 1-0

[Event "Stay Safe Play From Home 356"]
[Site "Emanuel Lasker Arena"]
[Date "2020.08.04"]
[Round "5"]
[White "Nuktotitakoi"]
[Black "Little champs"]
[Result "1-0"]
[WhiteElo "2381"]
[BlackElo "2201"]
[Annotator "TA"]
[PlyCount "153"]
[EventDate "2020.08.04"]
[EventType "swiss (blitz)"]

{[%evp 12,153,47,45,46,44,43,40,35,41,36,33,39,35,45,11,395,385,382,389,424,353,495,259,268,212,267,250,351,315,444,427,485,480,682,652,692,660,704,523,714,463,631,619,941,723,621,191,202,195,192,187,236,229,244,223,242,163,242,164,169,156,249,243,249,244,296,269,275,241,264,244,247,246,250,31,242,237,309,307,412,54,312,242,218,177,177,92,177,177,177,177,177,169,197,170,191,70,211,70,70,47,70,30,70,70,70,43,43,30,30,30,30,30,30,30,30,28,47,47,47,0,47,47,47,0,47,47,47,47,47,47,47,47,47,8,233,233,233,233,233,233,233,233]} 1. e4 c6 2. Nf3 d5 3. Nc3 dxe4 4. Nxe4 Bf5 5. Ng3 Bg4 6. h3 Bxf3 7. Qxf3 Nf6 {B11: Caro-Kann: Two Knights Variation.} 8. Bc4 e6 9. c3 Nbd7 {White is slightly better.} 10. d4 Bd6 11. O-O O-O 12. Re1 Qc7 {[#]} 13. Bg5 $146 ({Predecessor:} 13. Ne4 Nxe4 14. Qxe4 c5 15. Bd3 Nf6 16. Qh4 Be7 17. d5 Rfd8 18. Bg5 Rxd5 19. Bxf6 Bxf6 20. Qxh7+ {1-0 (32) Colon Garcia,E (2303)-Castelltort Fernandez,A (2276) Barcelona 2016}) 13... g6 $2 {[%mdl 8192]} (13... h6 $11 14. Bxf6 Nxf6) 14. Bxf6 $18 Nxf6 15. Qxf6 Rfe8 16. Bd3 e5 (16... c5 $142 17. dxc5 Bxg3 18. fxg3 Qxc5+ 19. Kh2 Rad8) 17. d5 (17. Nh5 $142 gxh5 18. Qg5+ {[%mdl 64] Double Attack} Kh8 19. Qf5) 17... cxd5 18. Rad1 Re6 {[#]} 19. Qh4 $1 Rae8 (19... e4 $142 20. Bc2 e3) 20. Bb5 R8e7 (20... Be7 $142 21. Qa4 Rd8 22. Qxa7 Bc5) 21. Rxd5 a6 22. Ba4 b5 (22... e4 $142 23. Nf1 h5) 23. Bb3 e4 24. Rd4 Re5 25. Rdxe4 Rxe4 26. Rxe4 Rxe4 27. Nxe4 {[#] Hoping for Nf6+.} Be5 28. Qg4 Kg7 29. g3 $2 (29. Ng5) 29... f5 30. Qe2 {And now Ng5 would win.} fxe4 31. Qxe4 Bf6 32. Kg2 h5 33. Qe6 Qe7 34. Qg8+ Kh6 35. Qd5 Qe5 36. Qf3 Qg5 (36... h4 $16 37. g4 Be7) 37. h4 Qe5 38. Bc2 Bg7 39. Qd3 {[%csl Gc2][%cal Rd3g6]} Qf6 40. a3 Qc6+ 41. Kh2 Qf6 42. Qe3+ Kh7 43. Qe4 $2 (43. Be4 $18) 43... Bh6 $2 (43... Qxf2+ $14 44. Kh3 Qf1+ 45. Qg2 Qxg2+ 46. Kxg2 Bh6) 44. Kg2 Kg7 45. Qb7+ Qf7 46. Qf3 $2 (46. Qxa6 $18 Qe8 47. Qb7+ Kf6 48. Qd5) 46... Qe7 $2 {[%mdl 8192]} ({Better is} 46... Qxf3+ $14 47. Kxf3 Bc1) 47. b3 Bc1 48. c4 {Black must now prevent cxb5.} Bxa3 49. Qd3 ({White should play} 49. Qc6 $18 Qd6 50. Qb7+ Kh6 51. cxb5 axb5 52. Qxb5) 49... Qf6 (49... Qd6 $16) 50. cxb5 axb5 51. Qxb5 Be7 52. Qd3 Bf8 53. f3 Be7 54. b4 (54. Qe4 $18) 54... Bf8 (54... Bxb4 $14 55. Qe4 Bc5) 55. Qd5 (55. b5 $18) 55... Bxb4 $14 56. Bb3 Be7 57. Kh3 Qf8 58. Qe5+ Bf6 59. Qe4 Qe7 60. Bc2 (60. Be6 {with more complications.} Qd6 61. f4 Qd1 62. Bc4 Qd7+ 63. Kh2) 60... Qxe4 61. Bxe4 $11 {[%mdl 4096] Endgame KB-KB} Be5 62. Bd3 Bf6 63. Kg2 Bb2 64. g4 hxg4 65. fxg4 Bc3 66. Kf3 Ba1 67. Be4 Bb2 68. Bd3 Ba1 69. Kf4 Bb2 70. g5 Ba1 71. Kg4 Bb2 72. Be4 Bc1 73. h5 Bb2 $2 (73... gxh5+ $11 74. Kf5 (74. Kxh5 Bf4 $11) 74... Bxg5) 74. Bxg6 $18 {White is clearly better.} Kh8 75. Be4 Kg8 76. h6 Kh8 77. Kh5 {Accuracy: White = 55%, Black = 50%.} 1-0